Sports Quiz

Random Sports Quiz

League Cup winning managers since 2000 Quiz Stats

 Plays Quiz not verified by Sporcle

Also try: NASCAR Champions
Challenge
Share
Tweet
Embed
Score 0/19 Timer 07:00
0 Plays Today
Year Manager % Correct
2017Jose Mourinho
97.8%
2015Jose Mourinho
97.8%
2007Jose Mourinho
97.8%
2005Jose Mourinho
97.8%
2018Pep Guardiola
92.9%
2010Sir Alex Ferguson
84.1%
2009Sir Alex Ferguson
84.1%
2006Sir Alex Ferguson
84.1%
2016Manuel Pellegrini
65.3%
2014Manuel Pellegrini
65.3%
Year Manager % Correct
2012Kenny Dalglish
47.6%
2013Michael Laudrup
40.3%
2003Gerard Houllier
35%
2001Gerard Houllier
34.4%
2011Alex McLeish
32.2%
2008Juande Ramos
29.5%
2004Steve McClaren
18.5%
2000Martin O'Neill
17.7%
2002Graeme Souness
12.2%

You're not logged in!

Compare scores with friends on all Sporcle quizzes.
OR
Log In

You Might Also Like...

Show Comments

Extras

Created Feb 24, 2018ReportNominate
Tags:2000, cup, final, league, manager, winning, won

Top Quizzes Today


Score Distribution

Your Account Isn't Verified!

In order to create a playlist on Sporcle, you need to verify the email address you used during registration. Go to your Sporcle Settings to finish the process.

Report this User

Report this user for behavior that violates our Community Guidelines.

Details: